Culture Générale - Série 188 - Statistiques

Statistiques générales
  • Ce quiz a été pris 339 fois
  • Le résultat moyen est 5 sur 10
Statistiques - réponses
Question Réponse % Correct
De quel pays est l'équipe nationale de football surnommée "Seleção" ? Brésil
93%
Dans quel pays trouve-t-on une chaîne de montagnes appelée le Rif ? Le Maroc
61%
Quel golfe se situe au sud de l'Etat du Mississippi ? Golfe du Mexique
57%
Selon le proverbe, qui veut "ce que femme veut" ? Dieu
53%
Dans quelle chanson Michel Sardou fait-il "pâlir tous les Marquis de Sade" ? Je vais t'aimer
50%
De quelle classe du règne animal sont les escargots et les limaces ? Les gastéropodes
46%
Qui a incarné le plus souvent François Pignon sous la direction de Francis Veber ? Pierre Richard
42%
Qui tenait le rôle de Fleur-de-Lys à la création de la comédie musicale " Notre-Dame de Paris" ? Julie Zenatti
24%
A quel groupe doit-on la chanson "I Don't Want a Lover" en 1989 ? Texas
21%
A quel chanteur italien doit-on le tube : "L'Italiano" en 1983 ? Toto Cutugno
17%
Aucun quiz correspondant
Distribution des résultats
% des personnes avec chaque résultat
Percentile par nombre de réponses
Votre historique - résultats
Vous n’avez pas pris ce quiz